zpět

Detail výsledku týmu

Restaurace Mádl, Velké Bílovice

Datum a čas kvízu

31.5 Celkem bodů Celkový počet nahraných bodů na tomto kvízu bez doplňovacích otázek.
1. Pořadí na kvízu Konečné umístění týmu na tomto kvízu.

Zaznamenané odpovědi

# Otázka Odpověď Body Výsledky
1. V noci z neděle na pondělí se... Sabine 1
2. Jak se jmenuje politická stran... Sinn Féin 0
3. V neděli 9. února se konal v... Renée Zelweggerová, Joaquin Phoenix 1
4. Společnost Škoda Auto minulý t... Enyaq 0
5. Minulý týden začalo v italské... smíšená štafeta 1
6. Šachy jsou vskutku velmi staro... šáh 1
7. Která situace v šachu se označ... ohrožení dámy 1
8. Jak se nazývá typ šachové hry,... bleskový šach (také bleskovka čili blicka) 1
9. Jak se jmenuje matematický pro... jezdcova procházka 0
10. Jak se jmenuje tento současný... David Navara 1